| 000 | 00359cam a22001217a 4500 | ||
|---|---|---|---|
| 008 | 180718b1962 xxu||||| |||| 00| 0 eng d | ||
| 082 | _aT1 Ad33 | ||
| 100 | _aAdelman, Irms | ||
| 245 |
_aTheories of economic growth and development _cby Irma Adelman |
||
| 260 |
_aStanford, Calif _bStanford Univ. Press _c1962 |
||
| 300 | _a164p. | ||
| 650 | _aEconomic Development | ||
| 999 |
_c357130 _d357130 |
||